[Event "CZE-chT2C 1920"]
[Site "Czech Republic"]
[Date "2019.12.15"]
[Round "5.8"]
[White "Jordanov, Mihail"]
[Black "Buchar, Petr"]
[Result "1-0"]
[WhiteElo "2080"]
[BlackElo "1905"]
[PlyCount "117"]
[EventDate "2019.10.13"]
[EventType "team-tourn"]
[EventRounds "11"]
[EventCountry "CZE"]
[SourceTitle "EXT 2024"]
[Source "ChessBase"]
[SourceDate "2023.10.10"]
[SourceVersion "1"]
[SourceVersionDate "2023.10.10"]
[SourceQuality "1"]
[WhiteTeam "Bakov nad Jizerou"]
[BlackTeam "Jicin"]
[WhiteTeamCountry "CZE"]
[BlackTeamCountry "CZE"]

1. e4 c5 2. Nf3 Nc6 3. d4 cxd4 4. Nxd4 Nf6 5. Nc3 e5 6. Nf5 d5 7. exd5 Bxf5 8. dxc6 bxc6 9. Qf3 Qc8 10. Ba6 Bg4 11. Qd3 Qd7 12. Qxd7+ Bxd7 13. Bd2 Rb8 14. 0-0-0 Bc5 15. f4 e4 16. Rde1 Bf5 17. Nxe4 Nxe4 18. Bd3 Bf2 19. Re2 Kd7 20. Bxe4 Bxe4 21. Rxe4 Rhe8 22. Rxe8 Rxe8 23. Rf1 Be3 24. Rf3 Bxd2+ 25. Kxd2 Kd6 26. Re3 Rb8 27. Rb3 Re8 28. Rb7 Ke6 29. Rxa7 Rd8+ 30. Ke2 Rd4 31. g3 Re4+ 32. Kf3 Re1 33. Rc7 Rh1 34. h4 Rf1+ 35. Kg2 Rb1 36. b3 Rb2 37. Rxc6+ Kd7 38. Rc4 Rxa2 39. Kf3 Ra1 40. Rd4+ Ke6 41. Rd3 f5 42. c4 Ra8 43. Ke3 g6 44. Kd4 Kd6 45. b4 Ra1 46. c5+ Kc6 47. Kc4 Rc1+ 48. Rc3 Rb1 49. Rb3 Rc1+ 50. Rc3 Rb1 51. Rc2 Rd1 52. b5+ Kc7 53. Rc3 Rb1 54. Rd3 Rb2 55. b6+ Kc8 56. Kd5 Re2 57. Kc6 Re6+ 58. Rd6 Re7 59. b7+ 1-0

[Event "CZE-chT2C 0809"]
[Site "Czech Republic"]
[Date "2009.03.22"]
[Round "10.8"]
[White "Buchar, Petr"]
[Black "Balacek, Tadeas"]
[Result "1/2-1/2"]
[WhiteElo "2026"]
[BlackElo "2046"]
[PlyCount "67"]
[EventDate "2008.10.12"]
[EventType "team-tourn"]
[EventRounds "11"]
[EventCountry "CZE"]
[SourceTitle "EXT 2010"]
[Source "ChessBase"]
[SourceDate "2010.11.25"]
[SourceVersion "1"]
[SourceVersionDate "2010.11.25"]
[SourceQuality "1"]
[WhiteTeam "Vrchlabi"]
[BlackTeam "Kolin"]
[WhiteTeamCountry "CZE"]
[BlackTeamCountry "CZE"]

1. f4 d5 2. g3 c5 3. Nf3 Nc6 4. Bg2 Nf6 5. 0-0 e6 6. d3 Be7 7. Nc3 d4 8. Ne4 0-0 9. h3 Nd5 10. c4 Nc7 11. Bd2 f5 12. Nf2 Bf6 13. Rb1 Qd6 14. Qe1 a5 15. a3 a4 16. b4 axb3 17. Rxb3 e5 18. fxe5 Nxe5 19. Bf4 Ne6 20. Nxe5 Bxe5 21. Bxe5 Qxe5 22. Nh1 f4 23. Bd5 Kh8 24. Bxe6 Bxe6 25. gxf4 Qe3+ 26. Qf2 Qxh3 27. Qg3 Qh6 28. Qg5 Qxg5+ 29. fxg5 Rxf1+ 30. Kxf1 Rf8+ 31. Kg1 Rf7 32. Ng3 Rc7 33. a4 Kg8 34. a5 1/2-1/2

[Event "CZE-chT2c 0607"]
[Site "Czech Republic"]
[Date "2007.03.11"]
[Round "9.6"]
[White "Matejovsky, Ondrej"]
[Black "Buchar, Petr"]
[Result "1-0"]
[WhiteElo "2069"]
[BlackElo "2101"]
[PlyCount "101"]
[EventDate "2006.10.15"]
[EventType "team"]
[EventRounds "11"]
[EventCountry "CZE"]
[SourceTitle "EXT 2008"]
[Source "ChessBase"]
[SourceDate "2007.11.25"]
[SourceVersion "1"]
[SourceVersionDate "2007.11.25"]
[SourceQuality "1"]
[WhiteTeam "Vlasim"]
[BlackTeam "Vrchlabi"]
[WhiteTeamCountry "CZE"]
[BlackTeamCountry "CZE"]

1. e4 c5 2. Nf3 Nc6 3. Bb5 g6 4. 0-0 Bg7 5. Bxc6 dxc6 6. Re1 Bg4 7. h3 Bxf3 8. Qxf3 e5 9. Qc3 Qd4 10. d3 Bh6 11. Bxh6 Qxc3 12. Nxc3 Nxh6 13. a4 a5 14. Nd1 0-0-0 15. Ne3 Rhe8 16. Nc4 f6 17. Nxa5 Nf7 18. Nc4 Kc7 19. a5 Rd4 20. Ra3 Nd6 21. Nxd6 Kxd6 22. Rea1 c4 23. f3 cxd3 24. c3 Rc4 25. Rd1 Kc7 26. Rxd3 f5 27. exf5 gxf5 28. a6 b5 29. a7 Ra8 30. Ra1 Ra4 31. Re1 e4 32. fxe4 fxe4 33. Rde3 R8xa7 34. Rxe4 Rxe4 35. Rxe4 Ra2 36. Re2 Kd6 37. Kf2 Kd5 38. g4 c5 39. h4 Kc4 40. g5 b4 41. cxb4 Kxb4 42. Ke3 Kb3 43. h5 c4 44. g6 hxg6 45. hxg6 Ra6 46. Rg2 Ra8 47. Kf4 Rg8 48. Kg5 c3 49. bxc3 Kxc3 50. Rg4 Ra8 51. g7 1-0

[Event "CZE-chT2c 0607"]
[Site "Czech Republic"]
[Date "2006.12.03"]
[Round "4.6"]
[White "Buchar, Petr"]
[Black "Novotny, Josef"]
[Result "1-0"]
[WhiteElo "2101"]
[BlackElo "2130"]
[PlyCount "59"]
[EventDate "2006.10.15"]
[EventType "team"]
[EventRounds "11"]
[EventCountry "CZE"]
[SourceTitle "EXT 2008"]
[Source "ChessBase"]
[SourceDate "2007.11.25"]
[SourceVersion "1"]
[SourceVersionDate "2007.11.25"]
[SourceQuality "1"]
[WhiteTeam "Vrchlabi"]
[BlackTeam "Rychnov nad Kneznou"]
[WhiteTeamCountry "CZE"]
[BlackTeamCountry "CZE"]

1. f4 e6 2. g3 d6 3. Nf3 Nf6 4. d3 g6 5. Bg2 Bg7 6. 0-0 0-0 7. e4 Nbd7 8. c3 c6 9. e5 Ne8 10. d4 d5 11. Na3 b6 12. Nc2 Ba6 13. Re1 Rc8 14. g4 Nc7 15. Ne3 f5 16. gxf5 exf5 17. e6 Nxe6 18. Nxd5 Re8 19. Nb4 Bb5 20. Qb3 Ndf8 21. a4 a5 22. axb5 axb4 23. Ng5 Qd6 24. bxc6 Bh6 25. Nxe6 Nxe6 26. Bd5 Rxc6 27. Bxc6 Qxc6 28. d5 Nc5 29. dxc6+ Nxb3 30. Rxe8+ 1-0

[Event "CZE-chT2c 0607"]
[Site "Czech Republic"]
[Date "2006.10.15"]
[Round "1.7"]
[White "Cakl, Zdenek"]
[Black "Buchar, Petr"]
[Result "0-1"]
[WhiteElo "2106"]
[BlackElo "2101"]
[PlyCount "72"]
[EventDate "2006.10.15"]
[EventType "team"]
[EventRounds "11"]
[EventCountry "CZE"]
[SourceTitle "EXT 2008"]
[Source "ChessBase"]
[SourceDate "2007.11.25"]
[SourceVersion "1"]
[SourceVersionDate "2007.11.25"]
[SourceQuality "1"]
[WhiteTeam "Liberec"]
[BlackTeam "Vrchlabi"]
[WhiteTeamCountry "CZE"]
[BlackTeamCountry "CZE"]

1. Nf3 f5 2. b3 Nf6 3. Bb2 g6 4. e3 Bg7 5. Be2 d6 6. d4 0-0 7. 0-0 c6 8. c4 Na6 9. Nc3 Bd7 10. Rc1 c5 11. dxc5 Nxc5 12. b4 Nce4 13. Nxe4 Nxe4 14. Bxg7 Kxg7 15. Nd4 e5 16. Nb5 Bxb5 17. cxb5 Nf6 18. Qb3 Qb6 19. a4 Rfc8 20. Qe6 Re8 21. a5 Qd8 22. Qb3 Rc8 23. Rfd1 Rxc1 24. Rxc1 Re7 25. Qc4 d5 26. Qc8 Qxc8 27. Rxc8 Rd7 28. Ra8 b6 29. Rb8 Rd6 30. f3 Kf7 31. h4 Ke7 32. g4 fxg4 33. fxg4 Rd8 34. axb6 Rxb8 35. bxa7 Ra8 36. b6 Nd7 0-1

[Event "CZE-chT2c 0405"]
[Site "Czech Republic"]
[Date "2004.12.19"]
[Round "5.6"]
[White "Buchar, Petr"]
[Black "Trojan, Lubos"]
[Result "1/2-1/2"]
[WhiteElo "2082"]
[BlackElo "2066"]
[PlyCount "58"]
[EventDate "2004.10.17"]
[EventType "team"]
[EventRounds "11"]
[EventCountry "CZE"]
[SourceTitle "EXT 2007"]
[Source "ChessBase"]
[SourceDate "2006.11.23"]
[SourceVersion "1"]
[SourceVersionDate "2006.11.23"]
[SourceQuality "1"]
[WhiteTeam "Vrchlabi"]
[BlackTeam "Synthesia II"]
[WhiteTeamCountry "CZE"]
[BlackTeamCountry "CZE"]

1. f4 Nf6 2. Nf3 e6 3. g3 b6 4. Bg2 Bb7 5. d3 d5 6. 0-0 Be7 7. Ne5 Nbd7 8. c4 c6 9. Nc3 Qc7 10. Nxd7 Qxd7 11. h3 0-0 12. e4 dxc4 13. dxc4 Rad8 14. Be3 Qc7 15. Qe2 Bb4 16. e5 Bxc3 17. bxc3 Nd7 18. Be4 f5 19. exf6 Nxf6 20. Bd4 Nxe4 21. Qxe4 c5 22. Qxe6+ Qf7 23. Qxf7+ Rxf7 24. Be5 Rd3 25. Rfd1 Rfd7 26. Rxd3 Rxd3 27. a4 Rxg3+ 28. Kf2 Rxh3 29. a5 Rh2+ 1/2-1/2

[Event "CZE-chT2c 0405"]
[Site "Czech Republic"]
[Date "2004.11.07"]
[Round "2.6"]
[White "Kaplan, Daniel"]
[Black "Buchar, Petr"]
[Result "1/2-1/2"]
[WhiteElo "2118"]
[BlackElo "2082"]
[PlyCount "138"]
[EventDate "2004.10.17"]
[EventType "team"]
[EventRounds "11"]
[EventCountry "CZE"]
[SourceTitle "EXT 2007"]
[Source "ChessBase"]
[SourceDate "2006.11.23"]
[SourceVersion "1"]
[SourceVersionDate "2006.11.23"]
[SourceQuality "1"]
[WhiteTeam "Kolin II"]
[BlackTeam "Vrchlabi"]
[WhiteTeamCountry "CZE"]
[BlackTeamCountry "CZE"]

1. e4 c5 2. Nf3 Nc6 3. d4 cxd4 4. Nxd4 Nf6 5. Nc3 e5 6. Ndb5 d6 7. Bg5 a6 8. Na3 b5 9. Nd5 Qa5+ 10. Bd2 Qd8 11. Bg5 Qa5+ 12. Bd2 Qd8 13. Nxf6+ Qxf6 14. c4 Qg6 15. cxb5 Qxe4+ 16. Qe2 Qxe2+ 17. Bxe2 Nd4 18. Bc4 Be6 19. Bxe6 fxe6 20. bxa6 d5 21. Rc1 Kd7 22. Nc2 Rxa6 23. Nxd4 exd4 24. Ra1 Bd6 25. Ke2 Rb8 26. Rab1 Rab6 27. b3 e5 28. f3 e4 29. Rhf1 e3 30. Bc1 Bxh2 31. Bb2 Be5 32. Kd3 Rc6 33. Bxd4 Bxd4 34. Kxd4 e2 35. Rfe1 Re8 36. Kxd5 Rd6+ 37. Kc5 Rc8+ 38. Kb5 Rc2 39. b4 Rg6 40. g4 Rf6 41. a4 Rxf3 42. a5 Kc7 43. Ka6 Rf6+ 44. Ka7 Kd7 45. Rbd1+ exd1Q 46. Rxd1+ Kc6 47. Ka6 Kc7+ 48. Ka7 Rb2 49. Rd4 Rd6 50. Rc4+ Rc6 51. Rd4 Rd6 52. Rc4+ Kd7 53. Kb7 Ke6 54. a6 Kd5 55. Rf4 Rd7+ 56. Kb6 g6 57. g5 Rd6+ 58. Kb7 Ra2 59. b5 Kc5 60. Rf6 Rd7+ 61. Kc8 Rg7 62. b6 Re2 63. Kd8 Ree7 64. b7 Rxb7 65. axb7 Rxb7 66. Ke8 Kd5 67. Kf8 Ke5 68. Kg8 h6 69. Rxg6 hxg5 1/2-1/2

[Event "CZE-chT2V 0203"]
[Site "Czech Republic"]
[Date "2003.??.??"]
[Round "5"]
[White "Vavra, Radim"]
[Black "Buchar, Petr"]
[Result "1/2-1/2"]
[WhiteElo "2083"]
[BlackElo "2055"]
[PlyCount "23"]
[EventDate "2002.10.??"]
[EventType "team"]
[EventRounds "11"]
[EventCountry "CZE"]
[SourceTitle "EXT 2007"]
[Source "ChessBase"]
[SourceDate "2006.11.23"]
[SourceVersion "1"]
[SourceVersionDate "2006.11.23"]
[SourceQuality "1"]
[WhiteTeam "Polabiny III"]
[BlackTeam "Vrchlabi"]
[WhiteTeamCountry "CZE"]
[BlackTeamCountry "CZE"]

1. d4 d5 2. c4 e6 3. Nf3 c6 4. Qc2 Nd7 5. g3 Ngf6 6. Bg2 Bd6 7. 0-0 0-0 8. Bf4 Bxf4 9. gxf4 Qe7 10. c5 Ne8 11. Ne5 Nxe5 12. fxe5 1/2-1/2